Countries Visited by Joe Biden - Statistics

General Stats
  • This quiz has been taken 34 times
  • The average score is 33 of 40
Answer Stats
Dates Answer % Correct
March 23-24, 2023 Canada
100%
June 25-28, 2022 Germany
100%
October 17-18, 2024 Germany
100%
January 8-10, 2023 Mexico
100%
June 9-13, 2021 United Kingdom
100%
November 1-2, 2021 United Kingdom
100%
March 26, 2022 United Kingdom
100%
July 16, 2022 United Kingdom
100%
September 17-19, 2022 United Kingdom
100%
April 11-12, 2023 United Kingdom
100%
July 9-10, 2023 United Kingdom
100%
November 17-19, 2024 Brazil
97%
June 5-9, 2024 France
97%
Oct. 29 - Nov. 1, 2021 Italy
97%
June 12-14, 2024 Italy
97%
April 12-14, 2023 Ireland
93%
May 22-24, 2022 Japan
93%
May 18-21, 2023 Japan
93%
February 20, 2023 Ukraine
93%
May 20-22, 2022 South Korea
90%
June 28-30, 2022 Spain
90%
September 8-10, 2023 India
87%
July 13-15, 2022 Israel
87%
October 18, 2023 Israel
87%
March 25-26, 2022 Poland
87%
February 20-22, 2023 Poland
87%
June 13-15, 2021 Belgium
83%
March 23-25, 2022 Belgium
83%
November 11, 2022 Egypt
83%
July 15-16, 2022 Saudi Arabia
73%
June 15-16, 2021 Switzerland
70%
September 10-11, 2023 Vietnam
67%
November 13-16, 2022 Indonesia
63%
July 12-13, 2023 Finland
60%
October 29, 2021 Vatican City
57%
November 14-17, 2024 Peru
50%
July 10-12, 2023 Lithuania
43%
November 12-13, 2022 Cambodia
37%
December 2-4, 2024 Angola
10%
December 2, 2024 Cape Verde
7%
No matching quizzes found
Score Distribution
Percent of People with Each Score
Percentile by Number Answered
Your Score History
You have not taken this quiz